00217nam a2200085Ia 4500008004100000082001500041100002100056245004200077300001200119230907s9999||||xx |||||||||||||| ||und|| a620.5bSPR aBhushan, Bharat. 0aSpringer handbook of nanotechnology / a1698 p.